Els teus fills i filles demanen pantalles? : Connecta-hi! / Connecta-hi! /
MARC
| LEADER | 00000nam a22000007a 4500 | ||
|---|---|---|---|
| 001 | 28544 | ||
| 003 | AGDB | ||
| 005 | 20260324181525.0 | ||
| 008 | 230509b spa||||| |||| 00| 0 cat d | ||
| 017 | |a B 4217-2022 | ||
| 040 | |a agdb |b cat | ||
| 110 | 1 | |9 52862 |a Barcelona (Catalunya : Província). |b Centre de Prevenció i Intervenció en Drogodependències SPOTT | |
| 245 | |a Els teus fills i filles demanen pantalles? : |b Connecta-hi! / |c Centre SPOTT | ||
| 260 | |a Barcelona : |b Diputació de Barcelona ; |c 2022 | ||
| 300 | |a 1 quadríptic ; |b il. col. ; |c 21 x 15 cm | ||
| 650 | 0 | |9 56139 |a Adolescents |x Xarxes socials |x Aspectes psicològics | |
| 650 | 0 | |9 56140 |a Adolescents i Internet |x Aspectes psicològics | |
| 650 | 0 | |9 31486 |a Adolescents |x Assistència institucional |x Barcelona (Catalunya : Província) | |
| 655 | 0 | |a Fulletons |9 55858 | |
| 710 | |a Barcelona (Catalunya : Província). |b Àrea d'Igualtat i Sostenibilitat Social |9 55833 | ||
| 710 | |a Barcelona (Catalunya : Província). |b Gerència de Serveis Socials |9 55835 | ||
| 856 | |u https://www.diba.cat/documents/130988559/378035068/Dossier+Els+teus+fills+i+filles+demanen+pantalles.pdf/b46e1dde-4138-e8fe-5b50-421ce770afe3?t=1666347038360 |y Accés lliure (Portal Centre SPOTT) | ||
| 942 | |c ARXIU |n 1 |2 udc | ||
| 952 | |0 0 |1 0 |4 0 |6 FU7747 |7 1 |9 97119 |a Arxiu |b Arxiu |d 2024-06-03 |l 0 |o FU-77-47 |p 28544 |r 2024-06-03 00:00:00 |w 2024-06-03 |y ARXIU | ||
| 999 | |c 128950 |d 128950 | ||